| 000 | 00871nac a22002531u 4500 | ||
|---|---|---|---|
| 010 | _a80084149 | ||
| 020 | _a0879390395 (pbk.) | ||
| 082 | 0 | 0 |
_a628.92 _bFIR |
| 090 |
_c9095 _d9095 |
||
| 100 | _a20080729 | ||
| 245 | 0 | 0 |
_aFire ventilation practices / _cvalidated by the International Fire Service Training Association. |
| 250 | _a6th ed. | ||
| 260 |
_aStillwater, Okla. : _bFire Protection Publications, Oklahoma State University,1980. _cc1980 |
||
| 300 |
_aviii, 131 p. : _bill. (some col.) ; _c28 cm. |
||
| 440 |
_aIFSTA _n107; |
||
| 500 | _aDistributer: Al-Ahram | ||
| 500 | _aIncludes index. | ||
| 511 | _aCatalogued by: Sara | ||
| 650 | 0 | _aFire prevention. | |
| 650 | 0 | _aFire extinction. | |
| 650 | 0 | _aVentilation. | |
| 710 | 2 | _aInternational Fire Service Training Association. | |
| 942 |
_cBB _k628.92FIR |
||
| 999 |
_c9095 _d9095 |
||